000 00627nam a2200193Ia 4500
008 151121s9999||||xx |||||||||||||| ||und||
082 _a813-/कीर
082 _bHNW-69957
100 _aकीर गिरिजा
245 _aआभाळ भरुन आलय
260 _b"दिलीपराज प्रकाशन प्रा।लि।, पुणे।"
260 _c--
300 _a165
600 _aकीर गिरिजा
630 _aआभाळ भरुन आलय
700 _aकीर गिरिजा
730 _aआभाळ भरुन आलय
942 _cBOOK
999 _c1251435
_d1251432